[Event "Quebec Montcalm op 5 2017-18"]
[Site "Quebec"]
[Date "2018.03.01"]
[Round "3"]
[White "Garcia Casillas, Carlos"]
[Black "Le Huu, Pascal"]
[Result "1-0"]
[WhiteElo "1742"]
[BlackElo "1228"]
[PlyCount "65"]
[EventDate "2018.02.15"]
[EventType "swiss"]
[EventRounds "5"]
[EventCountry "CAN"]
[SourceTitle "EXT 2022"]
[Source "ChessBase"]
[SourceDate "2021.10.06"]
[SourceVersion "1"]
[SourceVersionDate "2021.10.06"]
[SourceQuality "1"]

1. e4 e5 2. Nf3 Nf6 3. Nxe5 d6 4. Nf3 Nxe4 5. Nc3 Nxc3 6. dxc3 Be7 7. Be3 Bf5 8. Qd2 0-0 9. 0-0-0 Nc6 10. h4 Na5 11. Nd4 Be6 12. Nxe6 fxe6 13. c4 c5 14. h5 Kh8 15. g4 a6 16. g5 b5 17. cxb5 axb5 18. Bxb5 Qb6 19. a4 d5 20. g6 Nc4 21. Bxc4 dxc4 22. h6 Bf6 23. hxg7+ Bxg7 24. Rxh7+ Kg8 25. Rxg7+ Kxg7 26. Bh6+ Kg8 27. Bxf8 Rxa4 28. Qh6 Ra1+ 29. Kd2 Qd8+ 30. Ke3 Qf6 31. Qh7+ Kxf8 32. Rd8+ Qxd8 33. Qf7# 1-0

[Event "Quebec Montcalm op 6 2015-16"]
[Site "Quebec"]
[Date "2016.04.14"]
[Round "4"]
[White "Dube, Daniel"]
[Black "Le Huu, Pascal"]
[Result "1-0"]
[WhiteElo "1831"]
[BlackElo "1202"]
[PlyCount "65"]
[EventDate "2016.03.24"]
[EventType "swiss"]
[EventRounds "5"]
[EventCountry "CAN"]
[SourceTitle "EXT 2022"]
[Source "ChessBase"]
[SourceDate "2021.10.06"]
[SourceVersion "1"]
[SourceVersionDate "2021.10.06"]
[SourceQuality "1"]

1. e4 e5 2. Nf3 Nc6 3. d4 exd4 4. Bc4 Be7 5. c3 d6 6. Qb3 Nh6 7. Bxh6 gxh6 8. Bxf7+ Kf8 9. Bh5 d5 10. Qxd5 Qxd5 11. exd5 dxc3 12. Nxc3 Nb4 13. 0-0 Rg8 14. Nd4 Rg5 15. Bf3 Bh3 16. Kh1 Bd7 17. Be4 Kg7 18. a3 Na6 19. f4 Rg4 20. Bf5 Bxf5 21. Nxf5+ Kf6 22. Nxe7 Kxe7 23. Rae1+ Kd7 24. Ne4 Rf8 25. g3 Nb8 26. Nc5+ Kc8 27. Re7 Rg6 28. Ne6 Rxe6 29. dxe6 Rh8 30. f5 Nc6 31. f6 Nxe7 32. fxe7 Re8 33. Rf8 1-0

[Event "Quebec Montcalm op 3 2014-15"]
[Site "Quebec"]
[Date "2014.11.20"]
[Round "2"]
[White "Le Huu, Pascal"]
[Black "Genest, Dominic"]
[Result "1/2-1/2"]
[WhiteElo "1356"]
[BlackElo "1540"]
[PlyCount "97"]
[EventDate "2014.11.13"]
[EventType "swiss"]
[EventRounds "5"]
[EventCountry "CAN"]
[SourceTitle "EXT 2022"]
[Source "ChessBase"]
[SourceDate "2021.10.06"]
[SourceVersion "1"]
[SourceVersionDate "2021.10.06"]
[SourceQuality "1"]

1. d4 d5 2. Bf4 Nf6 3. Nf3 e6 4. e3 Nbd7 5. Nbd2 Bd6 6. Bxd6 cxd6 7. Bd3 e5 8. e4 dxe4 9. Nxe4 Nxe4 10. Bxe4 Nf6 11. Qd3 Qa5+ 12. Nd2 d5 13. Bf5 e4 14. Qh3 0-0 15. c3 Qb5 16. 0-0-0 a5 17. g4 Bxf5 18. gxf5 Qe2 19. Rhg1 Nh5 20. Qg4 Qxg4 21. Rxg4 Nf6 22. Rg2 Kh8 23. Rdg1 Rg8 24. Nf1 Nh5 25. Rg4 b5 26. Ne3 Nf6 27. R4g2 b4 28. h4 bxc3 29. bxc3 Rac8 30. Kc2 g6 31. h5 Nxh5 32. Nxd5 Rgd8 33. Ne7 Rc7 34. Nxg6+ fxg6 35. fxg6 hxg6 36. Rxg6 Rh7 37. Re6 Rf8 38. Re5 Rxf2+ 39. Kb3 Rb7+ 40. Ka3 Rf3 41. Re8+ Kh7 42. Rc8 Rg7 43. Re1 Nf4 44. Rh1+ Rh3 45. Rxh3+ Nxh3 46. Rc5 Rg3 47. Kb3 Rg5 48. Rxg5 Nxg5 49. Ka4 1/2-1/2

[Event "Quebec Montcalm op 3 2011-12"]
[Site "Quebec"]
[Date "2011.11.17"]
[Round "1"]
[White "Le Huu, Pascal"]
[Black "Bourassa, Andre"]
[Result "0-1"]
[WhiteElo "1242"]
[BlackElo "1824"]
[PlyCount "72"]
[EventDate "2011.11.17"]
[EventType "swiss"]
[EventRounds "5"]
[EventCountry "CAN"]
[SourceTitle "EXT 2022"]
[Source "ChessBase"]
[SourceDate "2021.10.06"]
[SourceVersion "1"]
[SourceVersionDate "2021.10.06"]
[SourceQuality "1"]

1. d4 d5 2. Bf4 Bf5 3. Nf3 Nd7 4. c3 e6 5. e3 Bd6 6. Bxd6 cxd6 7. Be2 h6 8. Nbd2 Qb6 9. Qb3 Ngf6 10. Nh4 Bh7 11. 0-0 Ne4 12. Nxe4 dxe4 13. g3 Qxb3 14. axb3 g5 15. Ng2 Ke7 16. Rac1 e5 17. b4 Rhc8 18. d5 Rc7 19. c4 Rac8 20. b3 a6 21. Ra1 f5 22. Ra5 Bg6 23. Rfa1 Bf7 24. h4 Nb8 25. Rd1 Be8 26. b5 axb5 27. cxb5 Rc1 28. Ra1 Rxd1+ 29. Rxd1 Nd7 30. b4 Nb6 31. Ra1 Nxd5 32. Ra7 Rc7 33. b6 Nxb6 34. Ba6 Bc6 35. b5 Bd5 36. Bxb7 Rxb7 0-1